<?xml version="1.0" encoding="UTF-8"?>
<record
    xmlns:xsi="http://www.w3.org/2001/XMLSchema-instance"
    xsi:schemaLocation="http://www.loc.gov/MARC21/slim http://www.loc.gov/standards/marcxml/schema/MARC21slim.xsd"
    xmlns="http://www.loc.gov/MARC21/slim">

  <leader>00850cam a2200265 a 4500</leader>
  <controlfield tag="001">j  59002400 </controlfield>
  <controlfield tag="003">DLC</controlfield>
  <controlfield tag="005">20260227111518.0</controlfield>
  <controlfield tag="008">960911s1938    ja            000 0 jpn d</controlfield>
  <datafield tag="010" ind1=" " ind2=" ">
    <subfield code="a">j  59002400 </subfield>
  </datafield>
  <datafield tag="035" ind1=" " ind2=" ">
    <subfield code="a">(CStRLIN)DCLP96-B14677</subfield>
  </datafield>
  <datafield tag="040" ind1=" " ind2=" ">
    <subfield code="a">HU</subfield>
    <subfield code="c">HU</subfield>
    <subfield code="d">DLC-R</subfield>
    <subfield code="d">DLC</subfield>
  </datafield>
  <datafield tag="042" ind1=" " ind2=" ">
    <subfield code="a">lccopycat</subfield>
  </datafield>
  <datafield tag="043" ind1=" " ind2=" ">
    <subfield code="a">a-ja---</subfield>
  </datafield>
  <datafield tag="050" ind1="0" ind2="0">
    <subfield code="a">DS881.96</subfield>
    <subfield code="b">.W37</subfield>
  </datafield>
  <datafield tag="066" ind1=" " ind2=" ">
    <subfield code="c">$1</subfield>
  </datafield>
  <datafield tag="100" ind1="1" ind2=" ">
    <subfield code="6">880-01</subfield>
    <subfield code="a">Watanabe, Ikujir&#x14D;,</subfield>
    <subfield code="d">1877-</subfield>
  </datafield>
  <datafield tag="245" ind1="1" ind2="0">
    <subfield code="6">880-02</subfield>
    <subfield code="a">Nihon kinsei gaik&#x14D;shi /</subfield>
    <subfield code="c">Watanabe Ikujir&#x14D; cho.</subfield>
  </datafield>
  <datafield tag="260" ind1=" " ind2=" ">
    <subfield code="6">880-03</subfield>
    <subfield code="a">T&#x14D;ky&#x14D; :</subfield>
    <subfield code="b">Chikura Shob&#x14D;,</subfield>
    <subfield code="c">Sh&#x14D;wa 13 [1938]</subfield>
  </datafield>
  <datafield tag="300" ind1=" " ind2=" ">
    <subfield code="a">7, 494 p. ;</subfield>
    <subfield code="c">23 cm.</subfield>
  </datafield>
  <datafield tag="651" ind1=" " ind2="0">
    <subfield code="a">Japan</subfield>
    <subfield code="x">Foreign relations</subfield>
    <subfield code="y">1868-</subfield>
  </datafield>
  <datafield tag="880" ind1="1" ind2=" ">
    <subfield code="6">100-01/$1</subfield>
    <subfield code="a">&#x6E21;&#x908A;&#x5E7E;&#x6CBB;&#x90CE;,</subfield>
    <subfield code="d">1877-</subfield>
  </datafield>
  <datafield tag="880" ind1="1" ind2="0">
    <subfield code="6">245-02/$1</subfield>
    <subfield code="a">&#x65E5;&#x672C;&#x8FD1;&#x4E16;&#x5916;&#x4EA4;&#x53F2; /</subfield>
    <subfield code="c">&#x6E21;&#x908A;&#x5E7E;&#x6CBB;&#x90CE;&#x8457;.</subfield>
  </datafield>
  <datafield tag="880" ind1=" " ind2=" ">
    <subfield code="6">260-03/$1</subfield>
    <subfield code="a">&#x6771;&#x4EAC; :</subfield>
    <subfield code="b">&#x5343;&#x5009;&#x66F8;&#x623F;,</subfield>
    <subfield code="c">&#x662D;&#x548C; 13 [1938]</subfield>
  </datafield>
  <datafield tag="999" ind1=" " ind2=" ">
    <subfield code="c">34882</subfield>
    <subfield code="d">34882</subfield>
  </datafield>
</record>
